000
00335nam a22001577a 4500
003
SGT
082
_a
610.73
_b
R12K
100
_a
KUMAR, RANJIT
245
_a
RESEARCH METHODLOGY
250
_a
3RD
260
_a
DELHI
_b
SAGE
_c
2012
300
_a
415
650
_a
RESEARCH METHODLOGY
653
_a
METHODLOGY, RESEARCH
942
_2
ddc
_c
BK
999
_c
8277
_d
8277